Tập bài giảng luật hành chính Việt Nam
Quản lý nhà nước. Quy phạm, quan hệ, nguyên tắc cơ bản, hình thức, phương pháp quản lý hành chính trong luật hành chính của Việt Nam. Trách nhiệm, thủ tục, văn bản quản lý hành chính
Sparad:
| Institutionell upphovsman: | |
|---|---|
| Materialtyp: | Bok |
| Språk: | Undetermined |
| Publicerad: |
Hà Nội
Giáo dục
1996
|
| Ämnen: | |
| Taggar: |
Lägg till en tagg
Inga taggar, Lägg till första taggen!
|
| Thư viện lưu trữ: | Trung tâm Học liệu Trường Đại học Cần Thơ |
|---|
| LEADER | 00882nam a2200205Ia 4500 | ||
|---|---|---|---|
| 001 | CTU_23801 | ||
| 008 | 210402s9999 xx 000 0 und d | ||
| 082 | |a 351.597 | ||
| 082 | |b Tr561 | ||
| 110 | |a Trường Đại học Luật Hà Nội | ||
| 245 | 0 | |a Tập bài giảng luật hành chính Việt Nam | |
| 245 | 0 | |c Trường Đại học Luật Hà Nội | |
| 260 | |a Hà Nội | ||
| 260 | |b Giáo dục | ||
| 260 | |c 1996 | ||
| 520 | |a Quản lý nhà nước. Quy phạm, quan hệ, nguyên tắc cơ bản, hình thức, phương pháp quản lý hành chính trong luật hành chính của Việt Nam. Trách nhiệm, thủ tục, văn bản quản lý hành chính | ||
| 650 | |a Administrade law | ||
| 650 | |z Vietnam | ||
| 904 | |i Bạch Trúc | ||
| 980 | |a Trung tâm Học liệu Trường Đại học Cần Thơ | ||